00321nam a2200109Ia 4500008004100000082000800041100003000049245001300079942000600092952009800098999001500196240331s9999 xx 000 0 und d bBHA aVenkatachalapathy,A.R. ed 0aBharathi cL 001040708LaWERCLbWERCLcSSCd2024-03-31l0o 894.11 BHAp6637r2024-03-31w2024-03-31yL c5657d5657